World Cup Winners By Picture - Sudden Death - Statistics

General Stats
  • This quiz has been taken 157 times
  • The average score is 5 of 8
Answers on the Grid
Answers color-coded by a green-red scale on the quiz's grid according to % correct below.
 
Answer Stats
Answer % Correct
Messi finally won the WC in 2022, in a thrilling 3-3 encounter which Argentina won on penalties
79%
Iniesta won the 2010 World Cup with Spain
76%
Maradona won the 1986 WC with Argentina
71%
Pele won a remarkable 3 WCs with Brazil in 1958, 1962 and 1970
69%
Thomas Muller won the 2014 World Cup with Germany
69%
Roberto Carlos helped Brazil win the 2002 trophy
69%
Franz Beckenbauer lifted the 1974 World Cup as West Germany's captain
59%
Henry won the WC with France in 1998
55%
No matching quizzes found
Score Distribution
Percent of People with Each Score
Percentile by Number Answered
Your Score History
You have not taken this quiz